000 00548nam a22001937a 4500
005 20161006164310.0
010 _aENG-116183
020 _a9788186038093
_c245.00
020 _a8186038097
_c245.00
035 _aEN-99715
037 _bDBAD/PUB
082 _a540
100 _aTyagi,S.B.
245 _aChemistry of d and f block elements /
_cbyS.B.Tyagi
260 _aDelhi
_bShree Kala Prakashan
_c2007
270 _a42/43,U.B. Jawahar Nagar
_bDelhi
_e110007
300 _avii,101p.
_c21cm(pbk)
942 _2ddc
_cEN
_h540
_mTYA
999 _c103911
_d103911